An encyclopaedic dictionary of Indian constitution / (Record no. 134113)

MARC details
000 -LEADER
fixed length control field 00802nam a22002417a 4500
005 - DATE AND TIME OF LATEST TRANSACTION
control field 20170124110221.0
010 ## - LIBRARY OF CONGRESS CONTROL NUMBER
LC control number B-130177
020 ## - INTERNATIONAL STANDARD BOOK NUMBER
Terms of availability 595.00
International Standard Book Number 8174872906
035 ## - SYSTEM CONTROL NUMBER
System control number B-130177
037 ## - SOURCE OF ACQUISITION
Source of stock number/acquisition Cen Lib/Ret
040 ## - CATALOGING SOURCE
Original cataloging agency DPL
Language of cataloging EN
082 ## - DEWEY DECIMAL CLASSIFICATION NUMBER
Classification number 342.5403
Item number KAP
100 ## - MAIN ENTRY--PERSONAL NAME
Personal name Kapoor, A.N.
9 (RLIN) 3336
245 ## - TITLE STATEMENT
Title An encyclopaedic dictionary of Indian constitution /
Statement of responsibility, etc by A.N. Kapoor, V.P. Gupta [and] Mohini Gupta
260 ## - PUBLICATION, DISTRIBUTION, ETC. (IMPRINT)
Place of publication, distribution, etc New Delhi
Name of publisher, distributor, etc Radha publications
Date of publication, distribution, etc 2006
270 ## - ADDRESS
City New Delhi
Address 4378/4B, Ansari road, Daryaganj
Postal code 110002
300 ## - PHYSICAL DESCRIPTION
Extent viii,424p.
Dimensions 21cm(Hb)
500 ## - GENERAL NOTE
General note Includes bibliographical references
650 ## - SUBJECT ADDED ENTRY--TOPICAL TERM
Topical term or geographic name as entry element Constitution
Form subdivision Dictionary
Geographic subdivision India
9 (RLIN) 39830
700 ## - ADDED ENTRY--PERSONAL NAME
Personal name Gupta, A.N.
9 (RLIN) 39572
700 ## - ADDED ENTRY--PERSONAL NAME
Personal name Gupta, Mohini
9 (RLIN) 927
942 ## - ADDED ENTRY ELEMENTS (KOHA)
Source of classification or shelving scheme Dewey Decimal Classification
Koha item type English Books
Classification part 342.5403
Call number suffix KAP
Holdings
Withdrawn status Lost status Damaged status Not for loan Collection code Home library Current library Date acquired Source of acquisition Cost, normal purchase price Total Checkouts Full call number Barcode Date last seen Copy number Cost, replacement price Price effective from Koha item type
      Not For Loan Reference Central Library Central Library 29/07/2015 Cen Lib/Ret 595.00   342.5403 KAP B-130177 29/07/2015 1 595.00 29/07/2015 English Books

© Delhi Public Library
Hit Counter
free hit counter